Modelling wages and prices for the smaller OECD countries /

Wedi'i Gadw mewn:
Manylion Llyfryddiaeth
Prif Awdur: Kawasaki, Kenichi
Awdur Corfforaethol: Organisation for Economic Co-operation and Development. Dept. of Economics and Statistics
Awduron Eraill: Hoeller, Peter, Poret, Pierre
Fformat: Llyfr
Iaith:English
Cyhoeddwyd: Paris : OECD, 1990.
Cyfres:Working papers (Organisation for Economic Co-operation and Development. Dept. of Economics and Statistics) ; no. 86.
Pynciau:
LEADER 01382cam a2200337 a 4500
001 c000189196
003 CARM
005 20051208124358.0
008 910313s1990 fr i000 0 eng d
019 1 |a 7686592  |5 LACONCORD2021 
035 |a (OCoLC)153796041  |5 LACONCORD2021 
040 |a ADEET  |b eng  |c ADEET  |d SFU 
043 |a e------ 
082 0 4 |a 331.21 
082 0 4 |a 331.21  |2 20 
100 1 |a Kawasaki, Kenichi. 
245 1 0 |a Modelling wages and prices for the smaller OECD countries /  |c by Kenichi Kawasaki, Peter Hoeller and Pierre Poret. 
260 |a Paris :  |b OECD,  |c 1990. 
300 |a 50 p. ;  |c 30 cm. 
490 1 |a Working papers / OECD Department of Economics and Statistics ;  |v no. 86 
504 |a Bibliography: p. 23-24. 
650 0 |a Wages  |x Statistics. 
650 0 |a Unemployment  |x Statistics. 
650 0 |a Labor economics. 
700 1 |a Hoeller, Peter. 
700 1 |a Poret, Pierre. 
710 2 |a Organisation for Economic Co-operation and Development.  |b Dept. of Economics and Statistics. 
830 0 |a Working papers (Organisation for Economic Co-operation and Development. Dept. of Economics and Statistics) ;  |v no. 86. 
852 8 |b CARM  |h A2:AN32B0  |i F00326  |p 0265277  |f BK 
999 f f |i 867315ac-6910-5ba6-9c57-f839945e5112  |s d4447855-8a6b-556d-b2d2-fbbf1a64741b 
952 f f |p Can circulate  |a CAVAL  |b CAVAL  |c CAVAL  |d CARM 1 Store  |e F00326  |f A2:AN32B0  |h Other scheme  |i book  |m 0265277